Rozpoznaj książkę po opisie #8 - Statystyki

Ogólne statystyki
  • Ten quiz został rozwiązany 23 razy
  • Średni wynik to 5 z 10
Statystyki odpowiedzi
Opis książki Tytuł % Poprawnych
Druga część trylogii Sienkiewicza, opisująca heroiczne walki Polaków z potopem szwedzkim. Głównym bohaterem jest Andrzej Kmicic, który przechodzi wewnętrzną przemianę z awanturnika w oddanego patriotę. Jego miłość do Oleńki i trudna droga do odzyskania honoru czynią go jednym z najbardziej złożonych bohaterów polskiej literatury. Potop
100%
Wstrząsająca powieść o epidemii, która ogarnia pewne miasto, izolując jego mieszkańców od reszty świata. Doktor Bernard Rieux, walczący z rozprzestrzeniającą się zarazą, staje przed dylematem moralnym i egzystencjalnym, który zmusza go do refleksji nad sensem życia i śmierci. Historia ta jest alegorią walki człowieka z nieuchronnością cierpienia i niesprawiedliwości. Dżuma
95%
Tragedia o miłości dwojga młodych ludzi, których uczucie zostaje zniszczone przez rodzinne konflikty. Ich desperackie próby pokonania wrogości między rodami kończą się tragicznie, czyniąc z ich historii symbol nieszczęśliwej miłości i bezsensownych waśni. Romeo i Julia
95%
Epicki poemat opowiadający o wojnie trojańskiej, której przyczyną jest porwanie pięknej Heleny przez Parysa. Bohaterowie tacy jak Achilles, Hektor czy Odyseusz stają się symbolami męstwa, honoru i tragizmu. Opowieść o wielkich bitwach, bohaterstwie i nieuchronności przeznaczenia jest jednym z najważniejszych dzieł literatury antycznej. Iliada
86%
Dramat przedstawiający wewnętrzne rozterki i bunt młodego bohatera, który stara się odnaleźć swoje miejsce w świecie. Bohater zmaga się z pytaniami o sens życia, patriotyzm oraz odpowiedzialność za losy ojczyzny. Jego walka o wolność i idealizm kończy się klęską, co czyni go tragiczną postacią polskiego romantyzmu. Kordian
67%
Powieść opowiada o burzliwej, pełnej pasji i zemsty miłości między Catherine Earnshaw a Heathcliffem, który po wielu latach powraca, by zrealizować swoje plany zemsty na tych, którzy go skrzywdzili. Ich toksyczna relacja oraz tajemnice, które splatają losy dwóch rodzin, tworzą mroczną atmosferę, w której miłość i nienawiść nieustannie się przeplatają, a bohaterowie stają w obliczu tragicznych konsekwencji swoich działań. Wichrowe Wzgórza
29%
To historia silnej, niezależnej kobiety, która w trudnych czasach i mimo wielu przeciwności walczy o swoje szczęście i godność. Po wielu życiowych zmaganiach trafia do tajemniczego Thornfield Hall, gdzie zakochuje się w swoim pracodawcy, Edwardzie Rochesterze. Jednak jej życie zmienia się na zawsze, gdy odkrywa mroczne sekrety związane z jego przeszłością, co zmusza ją do podjęcia trudnych decyzji o swojej przyszłości. Dziwne losy Jane Eyre
24%
W tej powieści, setki postaci z różnych warstw społecznych rywalizują o status, bogactwo i wpływy, pokazując powierzchowność i hipokryzję ówczesnego społeczeństwa. Becky Sharp, ambitna i bez skrupułów bohaterka, stara się zdobyć wszystko, czego pragnie, manipulując i oszukując tych, którzy ją otaczają. Historia pełna ironii i satyry na temat społeczeństwa, które karmi się plotkami i ambicjami, a za fasadą elegancji kryje się zimny wyścig o przetrwanie. Targowisko próżności
10%
Małe miasteczko położone głęboko w lesie, gdzie hokej jest wszystkim – dumą, nadzieją i sensem życia mieszkańców. Drużyna juniorów staje przed szansą na zdobycie mistrzostwa, co może odmienić przyszłość miasta. Jednak jedno dramatyczne wydarzenie podczas przyjęcia zmienia wszystko, wywołując podziały i zmuszając mieszkańców do opowiedzenia się po jednej ze stron. To przejmująca opowieść o lojalności, odpowiedzialności, odwadze i cenie, jaką trzeba zapłacić za milczenie. Miasto niedźwiedzia
5%
Opowieść o trójce przyjaciół – Ninie, Adrienie i Etienne'u – którzy dorastają w małym miasteczku, związani obietnicą wiecznej przyjaźni. Ich dzieciństwo pełne jest marzeń i sekretów, ale dorosłość rozdziela ich, zmuszając do zmierzenia się z własnymi demonami. Po latach powracają do wspomnień i miejsca, które miało być tylko przeszłością. Historia o przyjaźni, utraconych marzeniach i próbach odnalezienia siebie na nowo. Cudowne lata
0%
Nie znaleziono quizów pasujących do podanych kryteriów
Rozkład punktacji
Procent ludzi z każdym wynikiem
Percentyl według liczby udzielonych odpowiedzi
Twoja historia wyników
Nie rozwiązałeś tego quizu